000 01046nam a2200253Ia 4500
003 OSt
005 20220923224823.0
006 a|||||r|||| 00| 0
007 ta
008 220922b |||||||| |||| 00| 0 hin d
024 _a251,383
037 _cTextual
040 _aARTS
_cARTS
_bhin
041 _2hin
_ahin
082 _aO152,1(Q223):g, M3
100 _aमहेश्वरी, प्रेमचन्द्र
245 0 _aहिन्दी रामकाव्य का स्वरूप और विकास बदलते युगबोध के परिप्रेक्ष्य में
246 _aHindī rāmakāvya kā svarūp aur vikās badalate yugabodh ke pariprekṣhya mean
260 _aदिल्ली
_b वाणी प्रकाशन
_c1983
300 _a499पृ.
_ccm.
650 _aहिन्दी साहित्य
_9156264
942 _hO152,1(Q223):g, M3
_cTEXL
_2CC
999 _c373899
_d373899